[Event "Xtracon Chess Open 2018"]
[Site "Elsinore"]
[Date "2018.07.23"]
[Round "4"]
[White "Matthiesen, Martin"]
[Black "Acikel, Mert"]
[Result "1-0"]
[WhiteElo "2273"]
[BlackElo "2040"]
[EventDate "2018.07.21"]
[WhiteFideId "1404067"]
[BlackFideId "12956465"]

1.Nf3 d5 2.c4 e6 3.g3 Nf6 4.Bg2 Be7 5.O-O O-O 6.Qc2 c6 7.b3 Nbd7 8.Bb2 Re8
9.d4 Ne4 10.Ne1 Nd6 11.Nd2 Bf6 12.Nd3 dxc4 13.bxc4 e5 14.c5 Nb5 15.d5 cxd5
16.Bxd5 Nd4 17.Bxd4 exd4 18.Ne4 Be7 19.Qc4 Rf8 20.Rab1 Rb8 21.Qxd4 Nf6 22.
Nxf6+ Bxf6 23.Qc4 Qc7 24.Qf4 Qxf4 25.Nxf4 g5 26.Nd3 Rd8 27.Bg2 Bg4 28.Rfe1
Bc3 29.Rec1 Bd4 30.Rxb7 Bxe2 31.c6 Bb6 32.Nb4 a5 33.Nd5 Rxb7 34.cxb7 Ba7 
35.Rc8 Rf8 36.Ne7+ Kg7 37.Rxf8 1-0

[Event "Xtracon Chess Open 2018"]
[Site "Elsinore"]
[Date "2018.07.23"]
[Round "4"]
[White "Jensen, Thore Nyboe"]
[Black "Svane, Frederik"]
[Result "0-1"]
[WhiteElo "2072"]
[BlackElo "2266"]
[EventDate "2018.07.21"]
[WhiteFideId "1405349"]
[BlackFideId "12923044"]

1.e4 c5 2.Nf3 e6 3.d4 cxd4 4.Nxd4 a6 5.c4 Nf6 6.Nc3 Qc7 7.a3 b6 8.Be3 Bb7 
9.f3 d6 10.Rc1 Nbd7 11.Be2 Be7 12.O-O Rc8 13.Na4 Qb8 14.b4 O-O 15.Qe1 Bd8 
16.Qf2 Bc7 17.Qh4 Rfe8 18.Bd3 Ne5 19.Rfd1 Ng6 20.Qh3 d5 21.exd5 exd5 22.
Nf5 dxc4 23.Rxc4 b5 24.Rxc7 Qxc7 25.Nc5 Nd5 26.Bd4 Ndf4 27.Qg4 Nxd3 28.
Rxd3 Qf4 29.Qxf4 Nxf4 30.Rd2 Ne2+ 31.Kf2 Nxd4 32.Rxd4 Rc7 33.Rg4 Rd8 34.
Rxg7+ Kh8 35.Rg4 Bc8 36.Rf4 Bxf5 37.Rxf5 Rd6 38.h4 Kg7 39.g4 Rd2+ 40.Kg3 
Rc6 41.Rg5+ Kf8 42.Re5 Ra2 43.Re3 Kg7 44.Rc3 Rd2 45.Kf4 Rd8 46.Kg3 Rd4 47.
Re3 Rc4 48.Rb3 a5 49.Kf2 h5 50.Kg3 hxg4 51.fxg4 axb4 52.axb4 Rd6 0-1

[Event "Xtracon Chess Open 2018"]
[Site "Elsinore"]
[Date "2018.07.23"]
[Round "4"]
[White "Solberg, Joachim"]
[Black "Alquist, Erik"]
[Result "1-0"]
[WhiteElo "2263"]
[BlackElo "2035"]
[EventDate "2018.07.21"]
[WhiteFideId "1502930"]
[BlackFideId "1707701"]

1.e4 c5 2.Nf3 d6 3.Nc3 Nf6 4.e5 dxe5 5.Nxe5 Nbd7 6.d4 Nxe5 7.dxe5 Qxd1+ 8.
Kxd1 Ng4 9.Bb5+ Bd7 10.e6 Bxb5 11.Nxb5 O-O-O+ 12.Ke2 a6 13.Nc3 Rd6 14.exf7
e5 15.h3 Nf6 16.Be3 Rd7 17.Na4 Rxf7 18.Rhd1 Nd7 19.Rd5 b6 20.Rad1 Kc7 21.
Nc3 g6 22.Ne4 Bg7 23.Ng5 Re7 24.Ne6+ Kc8 25.Rd6 Rhe8 26.Rc6+ Kb8 27.Rc7 
Rxe6 28.Rdxd7 Bf6 29.Rb7+ Kc8 30.Rdc7+ Kd8 31.Rxh7 R8e7 32.Rbxe7 Bxe7 33.
Rh8+ Kd7 34.h4 e4 35.g4 Bf6 36.Rh7+ Kc6 37.b3 Kd5 38.h5 gxh5 39.gxh5 Bd4 
40.h6 Ke5 41.Ra7 Bxe3 42.h7 Rh6 43.Kxe3 Rh3+ 44.Ke2 a5 45.c3 Kd5 46.Kf1 
Ke5 47.Kg2 Rh6 48.Kg3 Kf5 49.Rb7 Rg6+ 50.Kh2 Rh6+ 51.Kg2 a4 52.Rxb6 Rxh7 
53.Rc6 axb3 54.Rxc5+ Kf4 55.axb3 Rg7+ 56.Kf1 Ra7 57.Rc8 Ra1+ 58.Kg2 Ra2 
59.Rf8+ Ke5 60.b4 Rc2 61.Rc8 Kf4 62.Rc4 Ke5 63.Kg3 Re2 64.f4+ Kf5 65.Rc5+ 
Kf6 66.b5 Rb2 67.c4 e3 68.Kf3 e2 69.Kf2 Kf7 70.Re5 Rc2 71.c5 Rc4 72.Kxe2 
1-0

[Event "Xtracon Chess Open 2018"]
[Site "Elsinore"]
[Date "2018.07.23"]
[Round "4"]
[White "Fransson, Angelina"]
[Black "Hoeffer, David"]
[Result "0-1"]
[WhiteElo "2035"]
[BlackElo "2252"]
[EventDate "2018.07.21"]
[WhiteFideId "1712632"]
[BlackFideId "24606766"]

1.e4 g6 2.d4 Bg7 3.Nc3 d6 4.Be3 a6 5.f3 b5 6.h4 h5 7.Nh3 Nd7 8.Qd2 Bb7 9.
Ng5 Nf8 10.O-O-O c6 11.Bd3 Nh6 12.Rhg1 e5 13.Be2 f6 14.Nh3 Qe7 15.g4 hxg4 
16.fxg4 Nf7 17.dxe5 dxe5 18.h5 Rd8 19.Qe1 Rxd1+ 20.Qxd1 g5 21.Bf3 Ne6 22.
Nf2 O-O 23.Ne2 Rd8 24.Qe1 Nd4 25.Bxd4 exd4 26.Ng3 Ne5 27.Nf5 Qc5 28.Bd1 d3
29.Qe3 d2+ 30.Kb1 Qxe3 31.Nxe3 Bf8 32.Be2 Bc5 33.Ned1 Bb6 34.Rf1 Kg7 35.
Nh1 c5 36.Ng3 c4 37.h6+ Kg6 38.Nh5 Rd6 39.Ng3 Rd7 40.Rh1 Rh7 41.c3 Nd3 42.
Kc2 Nf2 43.Rf1 Nxe4 44.Nf5 Bc7 45.Nde3 Ng3 46.Nxg3 Bxg3 47.Kxd2 Bf4 48.Bf3
Bxf3 49.Rxf3 Rxh6 50.Kc2 Rh2+ 51.Kb1 Re2 52.Nd1 Rg2 53.Rf2 Rxg4 54.Re2 Kf7
55.Kc2 Rh4 56.b3 cxb3+ 57.axb3 g4 58.Ne3 Bxe3 59.Rxe3 Rh3 60.Re4 f5 0-1

[Event "Xtracon Chess Open 2018"]
[Site "Elsinore"]
[Date "2018.07.23"]
[Round "4"]
[White "Christiansen, Arne"]
[Black "Heimisson, Hilmir Freyr"]
[Result "0-1"]
[WhiteElo "2032"]
[BlackElo "2241"]
[EventDate "2018.07.21"]
[WhiteFideId "1402013"]
[BlackFideId "2309998"]

1.d4 Nf6 2.Nf3 c5 3.d5 e6 4.c4 b5 5.Bg5 h6 6.Bxf6 Qxf6 7.Qd2 exd5 8.cxd5 
d6 9.e4 a6 10.Be2 Be7 11.O-O O-O 12.Re1 Bg4 13.Nc3 Bxf3 14.Bxf3 Nd7 15.a4 
bxa4 16.Rxa4 Nb6 17.Ra2 Qe5 18.Rea1 Rab8 19.Qe2 Bf6 20.Rxa6 Qd4 21.R6a2 
Qb4 22.Nd1 Rfe8 23.Ne3 g6 24.g3 Qb3 25.Qd1 Nd7 26.Qxb3 Rxb3 27.Kg2 Nb6 28.
Bd1 Rb4 29.f3 Rd4 30.Be2 Rd2 31.Kf1 Bd4 32.Ra6 Rxb2 33.Nd1 Rb4 34.Rc1 Rb3 
35.Ra2 Rb8 36.Rac2 Na4 37.Bc4 Rxf3+ 38.Kg2 Ra3 39.Nf2 Re3 40.Re2 Rxe2 41.
Bxe2 Rb2 42.Kf3 Nc3 43.Re1 Nxe2 44.Rxe2 Rxe2 45.Kxe2 Bxf2 46.Kxf2 Kg7 0-1

[Event "Xtracon Chess Open 2018"]
[Site "Elsinore"]
[Date "2018.07.23"]
[Round "4"]
[White "Schwarz, Frank"]
[Black "Kleimark, Anders"]
[Result "1-0"]
[WhiteElo "2234"]
[BlackElo "2024"]
[EventDate "2018.07.21"]
[WhiteFideId "4658035"]
[BlackFideId "1709968"]

1.c4 Nf6 2.g3 c6 3.Bg2 d5 4.cxd5 cxd5 5.Nf3 Bg4 6.O-O Nbd7 7.d3 e6 8.Nc3 
Be7 9.Bf4 O-O 10.Rc1 Qa5 11.a3 b5 12.Nd4 Rac8 13.Bd2 b4 14.axb4 Bxb4 15.h3
Bh5 16.g4 Bg6 17.Nb3 Qb6 18.Na4 Qb8 19.Nd4 Rxc1 20.Bxc1 Qc7 21.Be3 Rc8 22.
Qb3 a5 23.Rc1 Qb7 24.Rxc8+ Qxc8 25.Qc2 Qb8 26.Qc6 Ne5 27.Qa6 Qe8 28.b3 h5 
29.g5 Nh7 30.f4 Nd7 31.Nc6 Nb8 32.Nxb8 Qxb8 33.Qc6 Bd6 34.Nc5 Bxf4 35.Bxf4
Qxf4 36.Qa8+ Nf8 37.Nd7 Qe3+ 38.Kf1 Qc1+ 39.Kf2 Qf4+ 40.Bf3 Qh4+ 41.Kf1 
Qb4 42.Nxf8 Qxf8 43.Qxa5 Qb8 44.b4 Qf4 45.Qc5 Bxd3 46.Ke1 Bc4 47.b5 Qg3+ 
48.Kd1 Bb3+ 49.Kd2 Qxg5+ 50.Qe3 Qxe3+ 51.Kxe3 Bc4 52.b6 Ba6 53.Kd4 g6 54.
Kc5 Kg7 55.Kc6 Kh6 56.e3 d4 57.exd4 g5 58.Kc7 f5 59.Be2 Bxe2 60.b7 g4 61.
h4 f4 62.b8=Q Kg6 63.Qf8 f3 64.Qf4 Bd3 65.Kd6 Bf5 66.Ke7 Kh7 67.Kf6 e5 68.
Qxf5+ 1-0

[Event "Xtracon Chess Open 2018"]
[Site "Elsinore"]
[Date "2018.07.23"]
[Round "4"]
[White "Svendsen, Mads O."]
[Black "Haugli, Petter"]
[Result "0-1"]
[WhiteElo "2030"]
[BlackElo "2231"]
[EventDate "2018.07.21"]
[WhiteFideId "1411780"]
[BlackFideId "1500104"]

1.e4 c5 2.Nf3 e6 3.d4 cxd4 4.Nxd4 a6 5.Bd3 Nf6 6.O-O Qc7 7.c4 Nc6 8.Nxc6 
dxc6 9.Nc3 e5 10.Qe2 Bc5 11.Kh1 Bd4 12.Bg5 Qe7 13.Rae1 h6 14.Bc1 g5 15.Nd1
Be6 16.Ne3 O-O-O 17.Nc2 Ba7 18.b4 Rd7 19.b5 Rhd8 20.Rd1 cxb5 21.cxb5 axb5 
22.Na3 Bc4 23.Nxc4 bxc4 24.Bxc4 Rxd1 25.Rxd1 Rxd1+ 26.Qxd1 Nxe4 27.Qg4+ 
Qd7 28.Qxd7+ Kxd7 29.Bxf7 Nxf2+ 0-1

[Event "Xtracon Chess Open 2018"]
[Site "Elsinore"]
[Date "2018.07.23"]
[Round "4"]
[White "Roder, Peter Ulrik"]
[Black "Salles, Louis"]
[Result "0-1"]
[WhiteElo "2021"]
[BlackElo "2227"]
[EventDate "2018.07.21"]
[WhiteFideId "1402471"]
[BlackFideId "20641826"]

1.d4 Nf6 2.Nf3 d5 3.g3 e6 4.Bg2 Be7 5.O-O b5 6.Ne5 O-O 7.f4 c5 8.e3 Qb6 9.
c3 Bb7 10.g4 Nfd7 11.Nxd7 Nxd7 12.g5 Rfe8 13.h4 Rad8 14.Nd2 f6 15.Nf3 Kh8 
16.Bh3 Bd6 17.Qc2 Qc7 18.Bd2 Nf8 19.Rac1 Bc8 20.b4 c4 21.a4 e5 22.Bxc8 
Qxc8 23.fxe5 fxe5 24.dxe5 Bxe5 25.axb5 Qg4+ 26.Kf2 Bg3+ 27.Ke2 Ng6 28.Be1 
Bf4 29.Bf2 Nxh4 30.Bxh4 Rxe3+ 31.Kd1 Rxf3 32.Qe2 Rxf1+ 0-1

[Event "Xtracon Chess Open 2018"]
[Site "Elsinore"]
[Date "2018.07.23"]
[Round "4"]
[White "Berg, Olaf"]
[Black "Larsen, Ulrik"]
[Result "1-0"]
[WhiteElo "2226"]
[BlackElo "2011"]
[EventDate "2018.07.21"]
[WhiteFideId "7200420"]
[BlackFideId "1441167"]

1.d4 Nf6 2.Nf3 g6 3.g3 Bg7 4.Bg2 O-O 5.O-O d6 6.Nbd2 Nc6 7.b3 a5 8.Bb2 a4 
9.c4 a3 10.Bc3 e5 11.e3 e4 12.Ng5 d5 13.Qc2 b5 14.cxd5 Nxd5 15.Ndxe4 f5 
16.Nc5 Re8 17.b4 f4 18.Qb3 1-0

[Event "Xtracon Chess Open 2018"]
[Site "Elsinore"]
[Date "2018.07.23"]
[Round "4"]
[White "Rasmussen, Ken L."]
[Black "Crevatin, Leo"]
[Result "0-1"]
[WhiteElo "2009"]
[BlackElo "2224"]
[EventDate "2018.07.21"]
[WhiteFideId "1443933"]
[BlackFideId "1726307"]

1.d4 d5 2.c4 e6 3.cxd5 exd5 4.Nc3 c6 5.Qc2 g6 6.e4 dxe4 7.Qxe4+ Qe7 8.
Qxe7+ Nxe7 9.Bg5 Nd7 10.Bc4 h6 11.Bf4 Bg7 12.Nge2 O-O 13.O-O Nb6 14.Bb3 
Re8 15.Be5 Nf5 16.Nf4 g5 17.Bxg7 Kxg7 18.Nfe2 Be6 19.Bc2 Rad8 20.Rad1 Bc4 
21.Rfe1 Nxd4 22.Nxd4 Rxe1+ 23.Rxe1 Rxd4 24.Rd1 Rxd1+ 25.Bxd1 Nd5 26.Nxd5 
Bxd5 27.a3 Kf6 28.f3 Ke5 0-1

[Event "Xtracon Chess Open 2018"]
[Site "Elsinore"]
[Date "2018.07.23"]
[Round "4"]
[White "Ongut, Tamas Gunes"]
[Black "Jensen, Michael Agermose"]
[Result "1-0"]
[WhiteElo "2220"]
[BlackElo "1999"]
[EventDate "2018.07.21"]
[WhiteFideId "770280"]
[BlackFideId "1408216"]

1.e4 e5 2.Nf3 d5 3.exd5 Bd6 4.d4 e4 5.Ne5 Nf6 6.Nc3 Nbd7 7.Nc4 Bb4 8.Ne3 
Nb6 9.Bd2 Bxc3 10.Bxc3 Nbxd5 11.Nxd5 Nxd5 12.Bd2 O-O 13.c4 e3 14.Bxe3 Nxe3
15.fxe3 Re8 16.Qd3 Qg5 17.Kd2 Bf5 18.Qc3 Rad8 19.Re1 Rxd4+ 20.Qxd4 Rd8 21.
Kc3 Rxd4 22.exd4 h6 23.c5 Bg6 24.Rd1 b6 25.b4 Qg4 26.Rd2 bxc5 27.bxc5 Be4 
28.Bc4 g5 29.Re1 Bg6 30.Rf2 Qd7 31.Ref1 Qa4 32.Bb3 Qa5+ 33.Kb2 Qb4 34.Rd1 
a5 35.a3 Qb5 36.Kc3 Qc6 37.Re1 Qb5 38.Bc4 Qa4 39.Ra1 Qc6 40.Re2 Qf6 41.Rf1
Qc6 42.Ref2 Qa4 43.Ra2 Qc6 44.Re1 Qa4 45.d5 Qd7 46.Rd2 Qf5 47.Kb3 Qf4 48.
Ree2 Bh5 49.g3 Qf3+ 50.Ka4 Qc3 51.Rc2 Qd4 52.Red2 Qxc5 53.Be2 1-0

[Event "Xtracon Chess Open 2018"]
[Site "Elsinore"]
[Date "2018.07.23"]
[Round "4"]
[White "Jensen, Morten Frank"]
[Black "Laustsen, Lars"]
[Result "1/2-1/2"]
[WhiteElo "2007"]
[BlackElo "2219"]
[EventDate "2018.07.21"]
[WhiteFideId "1407325"]
[BlackFideId "1407554"]

1.g3 c5 2.Bg2 Nc6 3.c4 g6 4.Nc3 Bg7 5.d3 e6 6.Rb1 Nge7 7.Bg5 h6 8.Bf4 d6 
9.Nf3 O-O 10.O-O b6 11.Nb5 e5 12.Bd2 d5 13.cxd5 Nxd5 14.Nc3 Be6 15.a3 Rc8 
16.Ne1 Kh7 17.Nc2 Qd7 18.Re1 Nde7 19.Ne3 Nd4 20.b4 cxb4 21.axb4 Nb5 22.
Nxb5 Qxb5 23.Ra1 Rc7 24.Qa4 Qxa4 25.Rxa4 Rd8 26.b5 Bd7 27.Rb1 a5 28.Nc4 
Rb8 29.Be3 Nc8 30.f4 Bg4 31.Kf2 f6 32.fxe5 fxe5 33.Nxe5 Bxe2 34.Kxe2 Bxe5 
35.Rc1 Rxc1 36.Bxc1 Nd6 37.Bc6 Nf5 38.Be3 1/2-1/2

[Event "Xtracon Chess Open 2018"]
[Site "Elsinore"]
[Date "2018.07.23"]
[Round "4"]
[White "Christensen, Thomas"]
[Black "Bering, Anders"]
[Result "1-0"]
[WhiteElo "2218"]
[BlackElo "1995"]
[EventDate "2018.07.21"]
[WhiteFideId "1407635"]
[BlackFideId "1405810"]

1.d4 Nf6 2.Nc3 d5 3.e4 dxe4 4.f3 exf3 5.Nxf3 c6 6.Bc4 Nd5 7.O-O Bg4 8.Qe1 
Bxf3 9.Rxf3 Nf6 10.Qf2 g6 11.Ne4 Bg7 12.Nxf6+ Bxf6 13.Rxf6 exf6 14.Bh6 Kd7
15.Bg7 Re8 16.Bxf6 Qa5 17.Bxf7 Re4 18.Be5 Na6 19.Be6+ Kxe6 20.Qf6+ Kd5 21.
Qf7# 1-0

[Event "Xtracon Chess Open 2018"]
[Site "Elsinore"]
[Date "2018.07.23"]
[Round "4"]
[White "Khlopushin, Dmitriy"]
[Black "Lund, Gunnar"]
[Result "0-1"]
[WhiteElo "2000"]
[BlackElo "2216"]
[EventDate "2018.07.21"]
[WhiteFideId "44147864"]
[BlackFideId "1520814"]

1.e4 e5 2.Nf3 Nc6 3.Bc4 Nf6 4.d4 exd4 5.e5 d5 6.Bb5 Ne4 7.Nxd4 Bc5 8.O-O 
O-O 9.Bxc6 bxc6 10.f3 f6 11.Kh1 Bxd4 12.Qxd4 fxe5 13.Qxe5 Ba6 14.Qe6+ Kh8 
15.Be3 Bxf1 16.fxe4 d4 17.Bd2 Qh4 18.g3 Qh5 0-1

[Event "Xtracon Chess Open 2018"]
[Site "Elsinore"]
[Date "2018.07.23"]
[Round "4"]
[White "Grove, Peter"]
[Black "Koellner, Aaron Noah"]
[Result "1-0"]
[WhiteElo "2202"]
[BlackElo "1992"]
[EventDate "2018.07.21"]
[WhiteFideId "1411101"]
[BlackFideId "12993085"]

1.c4 e5 2.g3 Nc6 3.Bg2 Bc5 4.Nc3 a6 5.Nf3 d6 6.O-O h5 7.e3 h4 8.d4 Ba7 9.
dxe5 hxg3 10.hxg3 Bg4 11.exd6 Qf6 12.Qd5 O-O-O 13.Qg5 Qe6 14.dxc7 Re8 15.
Nh2 Bf5 16.Bd5 Qd7 17.Rd1 Nd4 18.exd4 Nf6 19.Bf3 Bc2 20.Bf4 Rxh2 21.Kxh2 
Rh8+ 22.Kg1 Qh3 23.Qxg7 Nd7 24.Nd5 Re8 25.Bg4 1-0

[Event "Xtracon Chess Open 2018"]
[Site "Elsinore"]
[Date "2018.07.23"]
[Round "4"]
[White "Bekker-Jensen, David"]
[Black "Slettebo, Jan"]
[Result "1-0"]
[WhiteElo "2200"]
[BlackElo "1987"]
[EventDate "2018.07.21"]
[WhiteFideId "1403095"]
[BlackFideId "1704958"]

1.d4 d5 2.c4 e6 3.Nc3 a6 4.cxd5 exd5 5.Bf4 c6 6.e3 Bd6 7.Bg3 Ne7 8.Bd3 Nf5
9.Qc2 g6 10.Nge2 O-O 11.O-O Re8 12.Rab1 Bxg3 13.Nxg3 Nd6 14.Rfe1 f5 15.f3 
Qf6 16.Kh1 Be6 17.Rbd1 Nd7 18.e4 f4 19.Nge2 dxe4 20.Nxe4 Nxe4 21.Bxe4 Nb6 
22.Nc3 Bf7 23.b3 Rad8 24.Qf2 Kg7 25.Kg1 Re7 26.Rd2 Red7 27.Red1 c5 28.Ne2 
c4 29.Rb1 cxb3 30.axb3 Nd5 31.Bxd5 Bxd5 32.b4 Bc4 33.Rc1 Bxe2 34.Rxe2 Rxd4
35.h3 Rd1+ 36.Re1 Rxe1+ 37.Rxe1 Rd7 38.Kh2 Qc3 39.Re4 1-0

[Event "Xtracon Chess Open 2018"]
[Site "Elsinore"]
[Date "2018.07.23"]
[Round "4"]
[White "Schmitt, Carsten"]
[Black "Moe, Mogens"]
[Result "1/2-1/2"]
[WhiteElo "1997"]
[BlackElo "2199"]
[EventDate "2018.07.21"]
[WhiteFideId "24675253"]
[BlackFideId "1400550"]

1.c4 Nf6 2.g3 g6 3.Bg2 d5 4.cxd5 Nxd5 5.Nc3 Nb6 6.Nf3 Bg7 7.h4 h6 8.d4 Nc6
9.Be3 Nc4 10.Bf4 Be6 11.O-O Nb6 12.e4 Bc4 13.d5 Nb4 14.Ne5 Bxf1 15.Bxf1 a5
16.a3 Na6 17.Bb5+ Kf8 18.Qf3 Bxe5 19.Bxe5 Rh7 20.h5 g5 21.Qf5 Kg8 22.Ne2 
c5 23.dxc6 bxc6 24.Bxc6 Ra7 25.Nc3 Nb8 26.Rd1 Qf8 27.Bb5 e6 28.Qf3 N8d7 
29.Bd6 Qc8 30.e5 Kg7 31.Be7 Rc7 32.Bf6+ Kf8 33.Bd3 Nxf6 34.exf6 Rh8 35.Be4
Rg8 36.Qd3 Rd7 37.Qe2 g4 38.Qe3 Rxd1+ 39.Nxd1 Nd7 40.Qxh6+ Ke8 41.Bh7 Rf8 
42.Nc3 Qc4 1/2-1/2

[Event "Xtracon Chess Open 2018"]
[Site "Elsinore"]
[Date "2018.07.23"]
[Round "4"]
[White "Rasmussen, Lars Garne"]
[Black "Johannsson, Orn Leo"]
[Result "0-1"]
[WhiteElo "1995"]
[BlackElo "2196"]
[EventDate "2018.07.21"]
[WhiteFideId "1406434"]
[BlackFideId "2303051"]

1.e4 e6 2.d4 d5 3.Nd2 dxe4 4.Nxe4 Nd7 5.Nf3 Ngf6 6.Bd3 Be7 7.O-O O-O 8.c3 
b6 9.Bg5 Bb7 10.Bxf6 Bxf6 11.Qe2 Qe7 12.Rad1 Rad8 13.Rfe1 c5 14.dxc5 Nxc5 
15.Nxc5 Qxc5 16.Be4 Bc8 17.Bb1 g6 18.Nd2 Bg7 19.Ne4 Qc7 20.Qf3 Qe7 21.Qg3 
e5 22.h4 f5 23.Ng5 e4 24.Nh3 Be5 25.Qe3 Qxh4 26.Bc2 Kg7 27.Bb3 h6 28.Bd5 
Rd6 29.f4 Bf6 30.Kh2 Rfd8 31.Bb3 Rd3 32.Qe2 Bb7 33.Bc2 Rxh3+ 34.gxh3 Qxf4+
35.Kg1 Rxd1 36.Rxd1 Bc6 37.Qf2 Qc7 38.Re1 Be5 39.Rd1 Qe7 40.Qg2 Bd6 41.Bb3
Bc5+ 42.Kf1 Qe5 43.Rd8 Qf4+ 44.Ke1 Qc1+ 45.Bd1 Be7 46.Qd2 Bh4+ 47.Kf1 Bb5+
48.Kg2 Qxd2+ 49.Rxd2 e3 50.Rd4 Bf6 51.Ba4 e2 0-1

[Event "Xtracon Chess Open 2018"]
[Site "Elsinore"]
[Date "2018.07.23"]
[Round "4"]
[White "Quinn, David"]
[Black "Gottstein, Claudius-Thomas"]
[Result "1-0"]
[WhiteElo "1987"]
[BlackElo "2190"]
[EventDate "2018.07.21"]
[WhiteFideId "2401452"]
[BlackFideId "4653327"]

1.d4 d5 2.Bf4 Bf5 3.e3 e6 4.Nf3 Bd6 5.Bg3 Nf6 6.c4 Bxb1 7.Bxd6 Qxd6 8.c5 
Qe7 9.Rxb1 O-O 10.Bd3 Nbd7 11.O-O e5 12.dxe5 Nxe5 13.Rc1 Nxf3+ 14.Qxf3 
Rfe8 15.c6 b6 16.Rfd1 Rad8 17.h3 Ne4 18.a3 a5 19.Bb1 Rd6 20.Rd4 Rf6 21.
Bxe4 Rxf3 22.Bxf3 Rd8 23.Bxd5 g6 24.Rcd1 Kg7 25.b4 axb4 26.axb4 Kh6 27.g3 
Ra8 28.Rh4+ Kg7 29.Bxf7 Rd8 30.Rxd8 Qxd8 31.Rd4 Qe7 32.Bd5 h5 33.Kg2 Kh6 
34.Bf3 Qf8 35.g4 hxg4 36.hxg4 Qe7 37.b5 Qf8 38.Rd5 Qb4 39.Rd7 Qxb5 40.Rxc7
Qc4 41.Rd7 b5 42.Rd5 g5 43.Rd6+ Kg7 44.Rd7+ Kf6 45.c7 b4 46.Rd6+ Ke5 47.
Rc6 1-0

[Event "Xtracon Chess Open 2018"]
[Site "Elsinore"]
[Date "2018.07.23"]
[Round "4"]
[White "Bengtsson, Jessica"]
[Black "Jaksland, Tim"]
[Result "1-0"]
[WhiteElo "1985"]
[BlackElo "2185"]
[EventDate "2018.07.21"]
[WhiteFideId "1711083"]
[BlackFideId "1401084"]

1.e4 c5 2.c3 Nf6 3.e5 Nd5 4.d4 cxd4 5.Nf3 e6 6.cxd4 d6 7.Bc4 Be7 8.O-O O-O
9.Bd2 dxe5 10.dxe5 b6 11.Qe2 Bb7 12.Nc3 Nxc3 13.Bxc3 Nd7 14.Rfe1 Qc7 15.
Nd4 Nxe5 16.Qxe5 Qxc4 17.Nf5 f6 18.Nxe7+ Kf7 19.Qh5+ Kxe7 20.Rac1 Qf4 21.
a3 a5 22.Qh3 Bd5 23.Rcd1 Kf7 24.Rd4 Qh6 25.Rh4 Qg6 26.Rg4 Qf5 27.Qg3 g5 
28.Qc7+ Kg6 29.Rg3 Rab8 30.h4 h6 31.Ree3 Rb7 32.Qd6 Rff7 33.Qd8 Kg7 34.
hxg5 hxg5 35.Rh3 Rf8 36.Qd6 Qf4 37.Rh7+ Kxh7 38.Qxf8 e5 39.Rh3+ Kg6 40.
Rh6+ Kf5 41.Rxf6+ 1-0

[Event "Xtracon Chess Open 2018"]
[Site "Elsinore"]
[Date "2018.07.23"]
[Round "4"]
[White "Roseneck, Jonas"]
[Black "Preuss, Flemming"]
[Result "1-0"]
[WhiteElo "2182"]
[BlackElo "1971"]
[EventDate "2018.07.21"]
[WhiteFideId "12939870"]
[BlackFideId "1403338"]

1.e4 d6 2.d4 Nf6 3.Nc3 e5 4.dxe5 dxe5 5.Qxd8+ Kxd8 6.Bg5 Be6 7.O-O-O+ Nd7 
8.f4 exf4 9.Nf3 Be7 10.Bxf4 Ng4 11.Nb5 Nf2 12.Nxc7 Nxd1 13.Kxd1 Rc8 14.
Nxe6+ fxe6 15.g3 Nf6 16.Bd3 h6 17.Kc1 Ng4 18.Bb5 Nf2 19.Rf1 Bc5 20.b4 Bb6 
21.Ne5 g5 22.Nf7+ Ke7 23.Nxh8 Rxh8 24.Be5 Rc8 25.Kb2 a6 26.Bd3 Rd8 27.Kb3 
Be3 28.Bc3 g4 29.Re1 Bd4 30.Bxd4 Rxd4 31.Kc3 e5 32.Re2 Nh3 33.a3 h5 34.Kd2
Ng5 35.Ke3 Rd6 36.Rf2 Rf6 37.Rxf6 Kxf6 38.c3 Ke6 39.a4 Kd6 40.a5 Nf3 41.h4
1-0

[Event "Xtracon Chess Open 2018"]
[Site "Elsinore"]
[Date "2018.07.23"]
[Round "4"]
[White "Larsen, Jens Evald"]
[Black "Rasmussen, Morten"]
[Result "0-1"]
[WhiteElo "1433"]
[BlackElo "1837"]
[EventDate "2018.07.21"]
[WhiteFideId "1409603"]
[BlackFideId "1410865"]

1.d4 f5 2.Nf3 Nf6 3.e3 g6 4.b3 Bg7 5.Bb2 O-O 6.Bd3 d6 7.O-O e5 8.Nfd2 e4 
9.Be2 d5 10.c4 c6 11.Nc3 Bh6 12.Qe1 Be6 13.Rc1 Nbd7 14.cxd5 cxd5 15.Nb5 
Qb6 16.Ba3 Rfc8 17.Nd6 Rc6 18.Rxc6 bxc6 19.Qc1 Bf8 20.f3 Kg7 21.Qc2 Rd8 
22.Rc1 Nb8 23.Qc5 Bxd6 24.Qxb6 axb6 25.Bb2 Rc8 26.fxe4 fxe4 0-1

[Event "Xtracon Chess Open 2018"]
[Site "Elsinore"]
[Date "2018.07.23"]
[Round "4"]
[White "Bratteteig, Tore-Inge"]
[Black "Hviid, Hans Henrik"]
[Result "1-0"]
[WhiteElo "1585"]
[BlackElo "1173"]
[EventDate "2018.07.21"]
[WhiteFideId "1510711"]
[BlackFideId "1425374"]

1.Nf3 f5 2.b3 Nf6 3.Bb2 e6 4.c4 g6 5.g3 Bg7 6.Bg2 O-O 7.O-O Nc6 8.d4 d5 9.
Nc3 Re8 10.Ne5 Nxe5 11.dxe5 Ne4 12.f3 Nc5 13.b4 Na6 14.f4 c6 15.cxd5 cxd5 
16.Qd4 Nc7 17.a4 Bf8 18.b5 Re7 19.Ba3 Rd7 20.Bxf8 Qxf8 21.Rfc1 b6 22.Na2 
Bb7 23.Nb4 Rc8 24.Nc6 Bxc6 25.Rxc6 Na8 26.Rac1 Rxc6 27.Rxc6 Rc7 28.Rxe6 
Qc5 29.Qxc5 Rxc5 30.Re8+ Kf7 31.Rxa8 Ke6 32.Rxa7 h6 33.Rb7 Rc1+ 34.Kf2 Ra1
35.Rxb6+ Kf7 36.Bxd5+ Ke7 37.Rxg6 Rxa4 38.Rxh6 1-0

[Event "Xtracon Chess Open 2018"]
[Site "Elsinore"]
[Date "2018.07.23"]
[Round "4"]
[White "Mansoor, Afras"]
[Black "Andersen, Morten"]
[Result "1-0"]
[WhiteElo "1973"]
[BlackElo "2174"]
[EventDate "2018.07.21"]
[WhiteFideId "1522108"]
[BlackFideId "1504908"]

1.c4 e5 2.g3 c6 3.Nf3 e4 4.Nd4 d5 5.cxd5 Qxd5 6.Nc2 f5 7.Bg2 Nf6 8.O-O Bc5
9.d3 O-O 10.Nc3 Qe6 11.dxe4 fxe4 12.b4 Bb6 13.Na4 Rd8 14.Qe1 Bc7 15.Nc5 
Qe8 16.Qc3 Be5 17.Qc4+ Kh8 18.Rb1 b5 19.Qb3 Bf5 20.Ne3 Bg6 21.Bb2 Nbd7 22.
Nxd7 Rxd7 23.Bxe5 Qxe5 24.Rfc1 Bf7 25.Qc2 Rad8 26.Qxc6 Bxa2 27.Ra1 Bb3 28.
Bh3 Rd6 29.Qb7 a6 30.Rxa6 Rxa6 31.Qxa6 Qb2 32.Rc8 Rxc8 33.Qxc8+ Bg8 34.Qc5
Qa1+ 35.Kg2 Qa6 36.Qe7 Qc6 37.Nf5 Ne8 38.Nd4 Qa8 39.Bd7 Nf6 40.Bxb5 Qb8 
41.Nf5 Nh5 42.Be8 1-0

[Event "Xtracon Chess Open 2018"]
[Site "Elsinore"]
[Date "2018.07.23"]
[Round "4"]
[White "Nielsen, Bjorn"]
[Black "Jacobsen, Per"]
[Result "1-0"]
[WhiteElo "1261"]
[BlackElo "1590"]
[EventDate "2018.07.21"]
[WhiteFideId "1416839"]
[BlackFideId "1413856"]

1.e4 Nf6 2.Nc3 d6 3.Nf3 g6 4.d4 Bg7 5.Bb5+ c6 6.Ba4 b5 7.Bb3 O-O 8.O-O b4 
9.Nb1 Nxe4 10.a3 bxa3 11.Nxa3 d5 12.c3 Nd7 13.Nb1 Ndf6 14.h3 Qc7 15.Ne5 
Bb7 16.Nd2 Nxd2 17.Qxd2 Ne4 18.Qd1 Qb6 19.Bc2 f5 20.Nd7 Qc7 21.Nxf8 Bxf8 
22.Bxe4 fxe4 23.Qg4 Bc8 24.Qh4 Bf5 25.Bf4 Qd7 26.b4 Bg7 27.Qg3 e6 28.Qe3 
Re8 29.Be5 Bf8 30.Ra2 Ra8 31.Rfa1 Qb7 32.Ra3 Qe7 33.R1a2 g5 34.Qg3 h5 35.
Bb8 h4 36.Qh2 g4 37.hxg4 Qg5 38.Ra1 Bxg4 39.Bf4 Qe7 40.Bb8 Qg5 41.Bxa7 e3 
42.f4 Qf5 43.Re1 e2 44.Ra5 Bd6 45.Bc5 Bxf4 46.Rxa8+ Kf7 47.Rf8+ Kg6 48.
Rxf5 exf5 49.Qxh4 Be3+ 50.Kh2 Bd2 51.Be7 Bf4+ 52.g3 Bd2 53.Rxe2 Bxe2 54.
Qf6+ Kh7 55.Qxf5+ Kg8 56.Qe6+ Kg7 57.Qf6+ 1-0

[Event "Xtracon Chess Open 2018"]
[Site "Elsinore"]
[Date "2018.07.23"]
[Round "4"]
[White "Sorensen, Bernhard W."]
[Black "Brink, Nienke van den"]
[Result "0-1"]
[WhiteElo "1691"]
[BlackElo "1889"]
[EventDate "2018.07.21"]
[WhiteFideId "1442074"]
[BlackFideId "1452568"]

1.d4 f5 2.Nc3 Nf6 3.Bg5 e6 4.e4 fxe4 5.Nxe4 Be7 6.Bxf6 Bxf6 7.Nxf6+ Qxf6 
8.Qh5+ g6 9.Qe5 Qxe5+ 10.dxe5 O-O 11.Nf3 b6 12.O-O-O Bb7 13.Be2 h6 14.h4 
Rf7 15.Rhf1 Nc6 16.Rde1 Raf8 17.Bd3 Kg7 18.Be4 Ba6 19.Rh1 Nd8 20.Bd3 Bxd3 
21.cxd3 Nc6 22.Re4 Rf5 23.Kd2 a5 24.Rc1 g5 25.hxg5 hxg5 26.d4 Kg6 27.Rh1 
Rf4 28.Rxf4 Rxf4 29.Ke3 Nb4 30.a3 Nd5+ 31.Kd3 Rf7 32.Ke4 g4 33.Nh4+ Kg5 
34.g3 Rxf2 35.Rb1 Re2+ 36.Kd3 Re3+ 37.Kc4 Rxg3 38.Rh1 Rh3 39.Rxh3 gxh3 40.
Nf3+ Kg4 41.Nh2+ Kg3 0-1

[Event "Xtracon Chess Open 2018"]
[Site "Elsinore"]
[Date "2018.07.23"]
[Round "4"]
[White "Sandbech, Ted Henrik"]
[Black "Fjallheim, Elmar Reinert"]
[Result "1/2-1/2"]
[WhiteElo "1775"]
[BlackElo "1635"]
[EventDate "2018.07.21"]
[WhiteFideId "1409751"]
[BlackFideId "7201095"]

1.Nf3 Nf6 2.d4 g6 3.c4 Bg7 4.Nc3 O-O 5.e4 d6 6.Be2 Nbd7 7.O-O e5 8.d5 Nc5 
9.Qc2 a5 10.Be3 Ne8 11.b3 f5 12.Bxc5 dxc5 13.Bd3 Nd6 14.Rac1 f4 15.Rfe1 h5
16.Nd2 g5 17.Qd1 g4 18.g3 Qg5 19.Nf1 Bh6 20.Rc2 Rf7 21.Nb5 h4 22.Qd2 hxg3 
23.fxg3 Qf6 24.Qf2 Nxb5 25.cxb5 b6 26.a4 Bd7 27.Bc4 Qd6 28.Qe2 Raf8 29.Qd1
Rf6 30.Kh1 Kf7 31.Rf2 Ke7 32.gxf4 Rxf4 33.Rxf4 Bxf4 34.Qd3 Qg6 35.Ng3 Kd8 
36.Rg1 Qh6 37.Rg2 Qh3 38.Kg1 Qh7 1/2-1/2